[Event "Philadelphia Open"]
[Site "Philadelphia"]
[Date "2013.03.27"]
[Round "1"]
[White "Margvelashvili, Giorgi"]
[Black "Zenyuk, Iryna"]
[Result "1-0"]
[WhiteElo "2611"]
[BlackElo "2341"]
[PlyCount "77"]
[EventDate "2013.03.??"]
[EventType "swiss"]
[EventRounds "9"]
[EventCountry "USA"]
[Source "MonRoi"]

1. Nf3 Nf6 2. c4 g6 3. Nc3 Bg7 4. d4 O-O 5. Bg5 d6 6. e3 b6 7. Be2 Bb7 8. Qc2
a6 9. O-O c5 10. d5 b5 11. Nd2 Nbd7 12. e4 bxc4 13. Nxc4 a5 14. a4 Nb6 15. Ne3
Ba6 16. Bxa6 Rxa6 17. b3 Ra8 18. Rad1 Rc8 19. Nb5 Qd7 20. Nc4 Nxc4 21. bxc4 Qg4
22. f4 h6 23. h3 Qh5 24. Bxf6 Bxf6 25. Qd3 Qh4 26. Na7 Rb8 27. Nc6 Bd4+ 28. Kh2
Rb2 29. Rd2 Qf6 30. Rxb2 Bxb2 31. Qe2 Qg7 32. e5 Bd4 33. Nxe7+ Kh7 34. Nc6 Re8
35. Nxd4 cxd4 36. Re1 Qf8 37. Qd3 dxe5 38. fxe5 Qc5 39. Re4 1-0

[Event "Philadelphia Open"]
[Site "Philadelphia"]
[Date "2013.03.27"]
[Round "1"]
[White "Hua, David"]
[Black "Shabalov, Alexander"]
[Result "0-1"]
[WhiteElo "2391"]
[BlackElo "2629"]
[PlyCount "72"]
[EventDate "2013.03.??"]
[EventType "swiss"]
[EventRounds "9"]
[EventCountry "USA"]
[Source "MonRoi"]

1. e4 e6 2. d4 d5 3. Nc3 Nf6 4. Bg5 dxe4 5. Nxe4 Be7 6. Bxf6 gxf6 7. Nf3 a6 8.
a4 f5 9. Ng3 c5 10. c3 Nc6 11. dxc5 Qxd1+ 12. Rxd1 Bxc5 13. Bd3 h5 14. b4 Be7
15. O-O Bf6 16. b5 Ne7 17. Rfe1 Bxc3 18. Re2 h4 19. Nf1 Bf6 20. Bc4 O-O 21. Ne5
axb5 22. Bxb5 Nd5 23. Rc1 Rd8 24. g3 b6 25. Ne3 Ba6 26. Bxa6 Rxa6 27. Nc6 Rd6
28. Nxd5 exd5 29. Ne7+ Bxe7 30. Rxe7 Rxa4 31. Rc8+ Kg7 32. Rcc7 Rf6 33. Rcd7 h3
34. Kf1 f4 35. Rxd5 fxg3 36. hxg3 Ra1+ 0-1

[Event "Philadelphia Open"]
[Site "Philadelphia"]
[Date "2013.03.27"]
[Round "1"]
[White "Yang, Darwin"]
[Black "Harriott, Tyrell"]
[Result "1-0"]
[WhiteElo "2567"]
[BlackElo "2179"]
[PlyCount "127"]
[EventDate "2013.03.??"]
[EventType "swiss"]
[EventRounds "9"]
[EventCountry "USA"]
[Source "MonRoi"]

1. d4 d6 2. c4 Nf6 3. Nc3 Nbd7 4. e4 e5 5. Nf3 Be7 6. Be2 O-O 7. O-O Re8 8. Be3
c6 9. d5 c5 10. Ne1 Nf8 11. Nd3 Ng6 12. a3 h6 13. b4 b6 14. Rb1 Nh7 15. f3 Bg5
16. Bf2 Nf4 17. bxc5 bxc5 18. Qa4 Qe7 19. Nxf4 exf4 20. Nb5 Rd8 21. Bd3 Bf6 22.
Qa5 a6 23. Nc3 Nf8 24. Na4 Nd7 25. Rb3 Re8 26. Rfb1 Qe5 27. Qc7 Nf8 28. Bf1 h5
29. Nb2 Re7 30. Qc6 Rea7 31. Nd3 Qe7 32. Rb8 Rxb8 33. Rxb8 Rc7 34. Qb6 Qd8 35.
Ra8 g5 36. Nxc5 dxc5 37. d6 Rd7 38. Qxc5 Rxd6 39. Rxc8 Qe7 40. Re8 Qd7 41. e5
Qxe8 42. exd6 Qa4 43. Qd5 Ne6 44. c5 Nd4 45. Qa8+ Kg7 46. Qxa6 Qc2 47. Qc4 Qd1
48. c6 g4 49. c7 gxf3 50. gxf3 Nxf3+ 51. Kh1 Ne5 52. Qe2 Qd5+ 53. Bg2 f3 54.
Qf1 Qc6 55. Bh3 Ng4 56. Qg1 Bh4 57. Bxg4 Bxf2 58. Bxf3+ Bxg1 59. Bxc6 Bc5 60.
d7 Bxa3 61. d8=Q Kg6 62. c8=Q Bb2 63. Be4+ Kh6 64. Qf5 1-0

[Event "Philadelphia Open"]
[Site "Philadelphia"]
[Date "2013.03.27"]
[Round "1"]
[White "Williams, Justus"]
[Black "Mandiza, Farai"]
[Result "0-1"]
[WhiteElo "2317"]
[BlackElo "2441"]
[PlyCount "54"]
[EventDate "2013.03.??"]
[EventType "swiss"]
[EventRounds "9"]
[EventCountry "USA"]
[Source "MonRoi"]

1. Nf3 e6 2. c4 f5 3. g3 Nf6 4. Bg2 c6 5. d3 Be7 6. O-O O-O 7. Nbd2 d6 8. e4
fxe4 9. dxe4 e5 10. c5 Nbd7 11. cxd6 Bxd6 12. Nc4 Bc7 13. Qc2 Qe8 14. b3 Qh5
15. Ba3 c5 16. Ne3 b6 17. h3 Bb7 18. g4 Qe8 19. Qc4+ Kh8 20. Ng5 Nb8 21. Ne6
Rf7 22. Ng5 Rd7 23. Rfd1 Ba6 24. Qe6 Re7 25. Qf5 Bc8 26. Qf3 h6 27. Nd5 hxg5
0-1

[Event "Philadelphia Open"]
[Site "Philadelphia"]
[Date "2013.03.27"]
[Round "1"]
[White "Williams, Chris"]
[Black "Mulyar, Michael"]
[Result "0-1"]
[WhiteElo "2213"]
[BlackElo "2457"]
[PlyCount "54"]
[EventDate "2013.03.??"]
[EventType "swiss"]
[EventRounds "9"]
[EventCountry "USA"]
[Source "MonRoi"]

1. e4 e5 2. Nf3 Nc6 3. Bb5 a6 4. Ba4 Nf6 5. Qe2 b5 6. Bb3 Bc5 7. O-O O-O 8. d3
h6 9. Nc3 d6 10. h3 Be6 11. Nd5 Bxd5 12. exd5 Ne7 13. Nh4 Nexd5 14. Qf3 c6 15.
a4 b4 16. Bd2 Nh7 17. Nf5 Qf6 18. Rae1 Nf4 19. d4 Qxf5 20. dxc5 Ng5 21. Qxc6
Rfc8 22. Qxd6 Nf3+ 23. Kh1 Rd8 24. Bxf4 Rxd6 25. gxf3 Rg6 26. Bg3 Qxh3+ 27. Kg1
h5 0-1

[Event "Philadelphia Open"]
[Site "Philadelphia"]
[Date "2013.03.27"]
[Round "1"]
[White "Jayakumar, Adarsh"]
[Black "Strenzwilk, Denis"]
[Result "1-0"]
[WhiteElo "2328"]
[BlackElo "2202"]
[PlyCount "77"]
[EventDate "2013.03.??"]
[EventType "swiss"]
[EventRounds "9"]
[EventCountry "USA"]
[Source "MonRoi"]

1. d4 d5 2. c4 Bf5 3. Nc3 e6 4. Nf3 c6 5. cxd5 exd5 6. Bf4 Nd7 7. e3 Ngf6 8.
Bd3 Bxd3 9. Qxd3 Be7 10. O-O O-O 11. h3 Re8 12. Nd2 Nf8 13. Be5 Ng6 14. Bxf6
Bxf6 15. b4 a6 16. a4 Qd6 17. Rab1 Re7 18. Rfc1 Rae8 19. b5 axb5 20. axb5 Ra8
21. bxc6 bxc6 22. Rb6 Qa3 23. Qc2 Re6 24. Ncb1 Qa2 25. Qxa2 Rxa2 26. Rcxc6 Rxc6
27. Rxc6 h6 28. Nf3 Ra1 29. Rb6 Kf8 30. g3 Ke8 31. Kg2 Ne7 32. Nc3 Ra3 33. Nb5
Ra5 34. Nd6+ Kd7 35. Nxf7 Kc7 36. Rb2 Nf5 37. Rc2+ Kd7 38. N3e5+ Bxe5 39. Nxe5+
1-0

[Event "Philadelphia Open"]
[Site "Philadelphia"]
[Date "2013.03.27"]
[Round "1"]
[White "Helfst, Matt"]
[Black "Schut, Lisa"]
[Result "0-1"]
[WhiteElo "2012"]
[BlackElo "2388"]
[PlyCount "58"]
[EventDate "2013.03.??"]
[EventType "swiss"]
[EventRounds "9"]
[EventCountry "USA"]
[Source "MonRoi"]

1. Nf3 Nf6 2. c4 g6 3. b4 Bg7 4. Bb2 O-O 5. g3 c6 6. d3 d5 7. Nbd2 Bg4 8. Bg2
Nbd7 9. O-O Re8 10. Ne5 Nxe5 11. Bxe5 Qd7 12. Rc1 a5 13. cxd5 Nxd5 14. Bxg7
Kxg7 15. Nc4 axb4 16. Bxd5 Qxd5 17. Ne3 Qe6 18. Nxg4 Qxg4 19. Rc4 Qe6 20. Qd2
b5 21. Rh4 h5 22. Re4 Qd5 23. Qxb4 Rxa2 24. Rc1 Kg8 25. Rxe7 Rxe2 26. Rxe8+
Rxe8 27. d4 Re2 28. Ra1 Qf3 29. Ra8+ Kh7 0-1

[Event "Philadelphia Open"]
[Site "Philadelphia"]
[Date "2013.03.28"]
[Round "2"]
[White "Corrales Jimenez, Fidel"]
[Black "Ippolito, Dean"]
[Result "1-0"]
[WhiteElo "2601"]
[BlackElo "2516"]
[PlyCount "61"]
[EventDate "2013.03.??"]
[EventType "swiss"]
[EventRounds "9"]
[EventCountry "USA"]
[Source "MonRoi"]

1. e4 e5 2. Nf3 Nf6 3. Nxe5 d6 4. Nf3 Nxe4 5. d4 d5 6. Bd3 Bd6 7. O-O O-O 8. c4
c6 9. cxd5 cxd5 10. Nc3 Nxc3 11. bxc3 Bg4 12. h3 Bh5 13. Rb1 Nd7 14. Rb5 Nb6
15. c4 Bxf3 16. Qxf3 dxc4 17. Bc2 Qd7 18. a4 g6 19. Be3 Rac8 20. Rfb1 c3 21. a5
Nc4 22. Rxb7 Qe6 23. Bb3 Qf5 24. Ra1 c2 25. Qxf5 gxf5 26. Bc1 Ba3 27. Rxa7 Rfd8
28. Bxc4 Rxc4 29. Rxa3 Rdxd4 30. Rg3+ Kf8 31. Ba3+ 1-0

[Event "Philadelphia Open"]
[Site "Philadelphia"]
[Date "2013.03.28"]
[Round "2"]
[White "Van Kampen, Robin Oscar"]
[Black "Cheng, Bindi"]
[Result "1-0"]
[WhiteElo "2642"]
[BlackElo "2429"]
[PlyCount "53"]
[EventDate "2013.03.??"]
[EventType "swiss"]
[EventRounds "9"]
[EventCountry "USA"]
[Source "MonRoi"]

1. e4 c5 2. Nf3 d6 3. Bb5+ Nd7 4. c3 Ngf6 5. Qe2 a6 6. Ba4 e5 7. O-O Be7 8. d4
O-O 9. Rd1 Qc7 10. dxe5 dxe5 11. c4 b5 12. cxb5 Nb6 13. b3 Be6 14. Bb2 Nfd7 15.
Nc3 c4 16. Rac1 Qb8 17. Nd5 Bd6 18. bxa6 Nc5 19. Bb5 Bxd5 20. exd5 e4 21. Ng5
Bxh2+ 22. Kh1 Bf4 23. Nxe4 Bxc1 24. Rxc1 Nd3 25. bxc4 Nxc1 26. Nf6+ Kh8 27. Qe4
1-0

[Event "Philadelphia Open"]
[Site "Philadelphia"]
[Date "2013.03.28"]
[Round "2"]
[White "Shabalov, Alexander"]
[Black "Bartell, Thomas"]
[Result "0-1"]
[WhiteElo "2550"]
[BlackElo "2478"]
[PlyCount "142"]
[EventDate "2013.03.??"]
[EventType "swiss"]
[EventRounds "9"]
[EventCountry "USA"]
[Source "MonRoi"]

1. e4 c6 2. d4 d5 3. exd5 cxd5 4. c4 Nf6 5. Nc3 Nc6 6. Bf4 a6 7. c5 g6 8. h3
Bg7 9. Nf3 O-O 10. Be2 Nh5 11. Bh2 Bh6 12. Qb3 e6 13. O-O Bf4 14. Rfe1 f6 15.
Rad1 Rb8 16. Na4 Bd7 17. Bxf4 Nxf4 18. Bf1 g5 19. Nb6 Rf7 20. Qe3 Re7 21. h4 h6
22. g3 Ng6 23. Nh2 Be8 24. hxg5 hxg5 25. Bd3 Kg7 26. f4 gxf4 27. gxf4 Bf7 28.
Rd2 Qh8 29. Nf3 Qh6 30. Bxg6 Bxg6 31. Rh2 Bh5 32. Kf2 Qh7 33. Reh1 Qc2+ 34. Kg3
Qg6+ 35. Kf2 Qc2+ 36. Kf1 Qd1+ 37. Ne1 Rh8 38. Rd2 Qb1 39. Rh3 Bg4 40. Rxh8
Kxh8 41. Rg2 Qf5 42. Kg1 Rh7 43. Nc8 Rh3 44. Qd2 Qh5 45. Nd6 Rh1+ 46. Kf2 Qh4+
47. Rg3 Bh3 48. Nf7+ Kh7 49. Qd3+ Bf5 50. Qe3 Rh2+ 51. Kf1 Nxd4 52. Ng2 Bh3 53.
Nd6 Bxg2+ 54. Rxg2 Rh1+ 55. Rg1 Rxg1+ 56. Kxg1 Qg4+ 57. Kf2 Nf5 58. Qf3 Qh4+
59. Kg2 Kg6 60. Nxb7 d4 61. Nd6 Ne3+ 62. Kg1 Qe1+ 63. Kh2 f5 64. c6 Ng4+ 65.
Kg2 Qd2+ 66. Kg1 Qc1+ 67. Kg2 Qxb2+ 68. Kg1 Qc1+ 69. Kg2 Qc2+ 70. Kf1 d3 71. c7
d2 0-1

[Event "Philadelphia Open"]
[Site "Philadelphia"]
[Date "2013.03.28"]
[Round "2"]
[White "Jayakumar, Adarsh"]
[Black "Pavlovic, Milos"]
[Result "1/2-1/2"]
[WhiteElo "2328"]
[BlackElo "2537"]
[PlyCount "76"]
[EventDate "2013.03.??"]
[EventType "swiss"]
[EventRounds "9"]
[EventCountry "USA"]
[Source "MonRoi"]

1. d4 Nf6 2. c4 g6 3. Nf3 Bg7 4. g3 d5 5. cxd5 Nxd5 6. Bg2 Nb6 7. Nc3 Nc6 8. e3
O-O 9. O-O Re8 10. d5 Na5 11. Qc2 c6 12. dxc6 Nxc6 13. Rd1 Bd7 14. Nd4 Qc8 15.
Qe4 a6 16. Qd3 Ne5 17. Qe2 Bh3 18. e4 Bxg2 19. Kxg2 Nec4 20. b3 Qc5 21. Be3
Nxe3+ 22. Qxe3 Red8 23. Nce2 Qa5 24. Rd2 Rd7 25. Rad1 Rad8 26. f4 e5 27. Nf3
exf4 28. gxf4 Rxd2 29. Rxd2 Rxd2 30. Qxd2 Qxd2 31. Nxd2 Kf8 32. Kf3 Ke7 33. e5
f6 34. Ke4 Nd7 35. Nf3 Nc5+ 36. Kd4 Ne6+ 37. Ke4 Nc5+ 38. Kd4 Ne6+ 1/2-1/2

[Event "Philadelphia Open"]
[Site "Philadelphia"]
[Date "2013.03.28"]
[Round "2"]
[White "Naroditsky, Daniel"]
[Black "Zhang, Yuanchen"]
[Result "1-0"]
[WhiteElo "2538"]
[BlackElo "2138"]
[PlyCount "71"]
[EventDate "2013.03.??"]
[EventType "swiss"]
[EventRounds "9"]
[EventCountry "USA"]
[Source "MonRoi"]

1. e4 e5 2. Nf3 Nc6 3. Bb5 a6 4. Ba4 Nf6 5. d3 d6 6. c3 Be7 7. Nbd2 O-O 8. O-O
b5 9. Bb3 Na5 10. Bc2 c5 11. Re1 Qc7 12. Nf1 Bd7 13. Bg5 h6 14. Bh4 Be6 15. Ne3
Ng4 16. Nd5 Bxd5 17. Bxe7 Qxe7 18. exd5 f5 19. b4 cxb4 20. cxb4 Nb7 21. h3 Nf6
22. Nd4 Qd7 23. Ne6 Rfe8 24. Qf3 Nd8 25. Bb3 Ra7 26. Qxf5 Kh8 27. Rac1 Nxd5 28.
Bxd5 Nxe6 29. Bc6 Qe7 30. Bxe8 Qxe8 31. Qe4 Rf7 32. d4 Ng5 33. Qg4 Kh7 34. dxe5
dxe5 35. f4 Ne6 36. Rxe5 1-0

[Event "Philadelphia Open"]
[Site "Philadelphia"]
[Date "2013.03.28"]
[Round "2"]
[White "Schut, Lisa"]
[Black "Hambleton, Aman"]
[Result "0-1"]
[WhiteElo "2388"]
[BlackElo "2495"]
[PlyCount "64"]
[EventDate "2013.03.??"]
[EventType "swiss"]
[EventRounds "9"]
[EventCountry "USA"]
[Source "MonRoi"]

1. e4 e6 2. d4 d5 3. Nc3 Bb4 4. a3 Bxc3+ 5. bxc3 dxe4 6. Qg4 Nf6 7. Qxg7 Rg8 8.
Qh6 Rg6 9. Qe3 b6 10. Nh3 Bb7 11. Nf4 Rg8 12. a4 Nc6 13. Bb5 Qd7 14. a5 a6 15.
Bxc6 Qxc6 16. h3 Qc4 17. Ba3 Bc6 18. Bb4 Bb5 19. g3 Rc8 20. axb6 cxb6 21. Kd2
a5 22. Ba3 Rc6 23. Rhg1 h5 24. f3 exf3 25. Qxf3 Ne4+ 26. Qxe4 Qxc3+ 27. Kd1
Qxa1+ 28. Bc1 Ba4 29. Rg2 Rg5 30. d5 Re5 31. Qd3 Rc3 32. Qd4 Rxc2 0-1

[Event "Philadelphia Open"]
[Site "Philadelphia"]
[Date "2013.03.28"]
[Round "2"]
[White "Most, Eric"]
[Black "Bryant, John"]
[Result "0-1"]
[WhiteElo "2211"]
[BlackElo "2570"]
[PlyCount "68"]
[EventDate "2013.03.??"]
[EventType "swiss"]
[EventRounds "9"]
[EventCountry "USA"]
[Source "MonRoi"]

1. e4 d5 2. Nc3 d4 3. Nce2 c5 4. c3 Nc6 5. d3 e5 6. g3 g6 7. Nf3 Bg7 8. Bg2
Nge7 9. O-O h6 10. a3 a5 11. cxd4 exd4 12. Qc2 b6 13. Nh4 Ba6 14. b3 a4 15. Bb2
axb3 16. Qxb3 Ne5 17. Nc1 c4 18. dxc4 Bxc4 19. Qd1 Bxf1 20. Bxf1 O-O 21. f4
N5c6 22. Bc4 Na5 23. Ba2 Rc8 24. Nf3 Nc4 25. Bxc4 Rxc4 26. Qd3 Qc7 27. Ne2 Rd8
28. Rc1 Rxc1+ 29. Bxc1 Rc8 30. e5 Qc4 31. Qxc4 Rxc4 32. Nfxd4 Bf8 33. Bd2 Nd5
34. Kf1 Bxa3 0-1

[Event "Philadelphia Open"]
[Site "Philadelphia"]
[Date "2013.03.28"]
[Round "2"]
[White "Zenyuk, Iryna"]
[Black "Williams, Chris"]
[Result "1-0"]
[WhiteElo "2341"]
[BlackElo "2213"]
[PlyCount "115"]
[EventDate "2013.03.??"]
[EventType "swiss"]
[EventRounds "9"]
[EventCountry "USA"]
[Source "MonRoi"]

1. d4 Nf6 2. c4 c5 3. d5 b5 4. cxb5 e6 5. dxe6 fxe6 6. Nf3 d5 7. g3 Bd6 8. Nbd2
O-O 9. Bg2 Bb7 10. O-O Qe7 11. b3 Nbd7 12. Bb2 a6 13. bxa6 Bxa6 14. Re1 e5 15.
e4 d4 16. Bf1 Bb7 17. Bd3 Kh8 18. Nc4 Bc7 19. Nh4 Qe6 20. Kg2 g5 21. Nf3 g4 22.
Nh4 Rg8 23. Kg1 Raf8 24. Ba3 Rg5 25. b4 Rh5 26. bxc5 Rxh4 27. gxh4 Bc6 28. Nd6
Nh5 29. Bc4 Qg6 30. Bf7 Rxf7 31. Nxf7+ Qxf7 32. Qxg4 Ndf6 33. Qc8+ Kg7 34. f3
Nf4 35. Kh1 Ng6 36. Qh3 Bd7 37. Qg2 Nh5 38. Bc1 Bd8 39. Rb1 Bc6 40. Rf1 d3 41.
Bg5 Qd7 42. Rfd1 Ba5 43. Rb3 d2 44. Rxd2 Bxd2 45. Qxd2 Qh3 46. Qg2 Qc8 47. Rb6
Bd7 48. Qd2 Nhf4 49. h5 Bh3 50. Qd6 Bg2+ 51. Kg1 Bxf3 52. h6+ Kf7 53. Bxf4 Qg4+
54. Bg3 Ne7 55. Qf6+ Ke8 56. Rb8+ Nc8 57. Qxe5+ Kf7 58. Rb7+ 1-0

[Event "Philadelphia Open"]
[Site "Philadelphia"]
[Date "2013.03.28"]
[Round "2"]
[White "Strenzwilk, Denis"]
[Black "Gorman, Dov"]
[Result "0-1"]
[WhiteElo "2202"]
[BlackElo "2380"]
[PlyCount "68"]
[EventDate "2013.03.??"]
[EventType "swiss"]
[EventRounds "9"]
[EventCountry "USA"]
[Source "MonRoi"]

1. e4 c5 2. Nf3 e6 3. c3 Nf6 4. e5 Nd5 5. d4 cxd4 6. Qxd4 Nc6 7. Qe4 d6 8. g3
Qc7 9. exd6 Bxd6 10. Bg2 b6 11. O-O Bb7 12. Nbd2 O-O 13. Re1 Rad8 14. Nc4 Be7
15. a4 Nxc3 16. bxc3 Na5 17. Qe5 Qxc4 18. Nd2 Qc8 19. Bxb7 Qxb7 20. Rb1 Qc6 21.
Nb3 Nxb3 22. Rxb3 Qxa4 23. Rb1 Bf6 24. Qe3 Qc4 25. Ba3 Rfe8 26. Bb4 Rd3 27. Qe4
Qxe4 28. Rxe4 Bxc3 29. Bxc3 Rxc3 30. Ra4 Rc7 31. Rba1 a5 32. Rb1 Rc6 33. Ra2
Rd8 34. Kg2 Kf8 0-1

[Event "Philadelphia Open"]
[Site "Philadelphia"]
[Date "2013.03.28"]
[Round "3"]
[White "Vigorito, David"]
[Black "Van Kampen, Robin Oscar"]
[Result "1/2-1/2"]
[WhiteElo "2565"]
[BlackElo "2642"]
[PlyCount "87"]
[EventDate "2013.03.??"]
[EventType "swiss"]
[EventRounds "9"]
[EventCountry "USA"]
[Source "MonRoi"]

1. c4 g6 2. e4 e5 3. Ne2 Bg7 4. Nbc3 Nc6 5. g3 d6 6. Bg2 h5 7. h4 Bg4 8. f3 Be6
9. d3 Nh6 10. Nd5 O-O 11. Be3 f5 12. Qd2 Kh7 13. Rc1 Qd7 14. O-O Rae8 15. b4
Nd8 16. Bxa7 b6 17. Bb8 Bxd5 18. cxd5 c5 19. dxc6 Nxc6 20. Bc7 Ra8 21. b5 Ne7
22. Bxb6 Qxb5 23. Be3 Ra3 24. Rc3 Rfa8 25. Rxa3 Rxa3 26. Rd1 Qa6 27. Nc1 Nc6
28. Bh3 Qa4 29. Rf1 Nd4 30. Rf2 f4 31. gxf4 exf4 32. Bxf4 Nf7 33. Kg2 Qc6 34.
Nb3 Nxb3 35. axb3 Rxb3 36. Be6 Rb2 37. Qxb2 Bxb2 38. Rxb2 Ne5 39. Bd5 Qc3 40.
Rb7+ Kh8 41. Bg5 Nxd3 42. Rb8+ Kg7 43. Rb7+ Kh8 44. Rb8+ 1/2-1/2

[Event "Philadelphia Open"]
[Site "Philadelphia"]
[Date "2013.03.28"]
[Round "3"]
[White "Bartell, Thomas"]
[Black "Kekelidze, Mikheil"]
[Result "0-1"]
[WhiteElo "2478"]
[BlackElo "2488"]
[PlyCount "98"]
[EventDate "2013.03.??"]
[EventType "swiss"]
[EventRounds "9"]
[EventCountry "USA"]
[Source "MonRoi"]

1. Nf3 d5 2. d4 Bf5 3. c4 e6 4. Nc3 c6 5. Qb3 Qb6 6. Qxb6 axb6 7. Nh4 Bc2 8. e3
Be7 9. Nf3 Nd7 10. Kd2 Bg6 11. b3 Ngf6 12. Bb2 O-O 13. Bd3 Ne4+ 14. Bxe4 dxe4
15. Ng1 e5 16. h4 exd4 17. exd4 f5 18. Nge2 f4 19. h5 e3+ 20. Ke1 exf2+ 21.
Kxf2 Be8 22. Ne4 Ra5 23. h6 g5 24. a4 Bg6 25. N2c3 Nf6 26. Nxf6+ Bxf6 27. Ne2
Bc2 28. Bc3 Raa8 29. Nc1 c5 30. Ra2 cxd4 31. Rxc2 dxc3 32. Ne2 Rad8 33. Nxc3
Bxc3 34. Rxc3 Rd2+ 35. Kg1 Kf7 36. Rhh3 Re8 37. Rcd3 Re1+ 38. Kh2 Rb2 39. Rd7+
Kg6 40. Rg7+ Kf6 41. Rd3 Rbb1 42. Kh3 Re3+ 43. Rxe3 fxe3 44. Rxb7 e2 45. Rxb6+
Ke7 46. Rb7+ Kd6 47. Rb6+ Ke5 48. Rb5+ Kd4 49. Rd5+ Ke4 0-1

[Event "Philadelphia Open"]
[Site "Philadelphia"]
[Date "2013.03.28"]
[Round "3"]
[White "Ostrovskiy, Aleksandr"]
[Black "Naroditsky, Daniel"]
[Result "0-1"]
[WhiteElo "2434"]
[BlackElo "2538"]
[PlyCount "69"]
[EventDate "2013.03.??"]
[EventType "swiss"]
[EventRounds "9"]
[EventCountry "USA"]
[Source "MonRoi"]

1. e4 e5 2. Nf3 Nc6 3. Bb5 a6 4. Ba4 Nf6 5. O-O b5 6. Bb3 Bc5 7. c3 d6 8. a4
Rb8 9. Qe2 O-O 10. Rd1 Re8 11. d3 h6 12. Nbd2 Bb6 13. Nf1 d5 14. axb5 axb5 15.
Be3 Be6 16. Bxb6 cxb6 17. Ne3 Qd7 18. c4 dxc4 19. dxc4 Nd4 20. Nxd4 exd4 21. f3
Rbd8 22. Nd5 Bxd5 23. cxd5 Nxd5 24. Bxd5 Qxd5 25. Qf2 Qe5 26. Ra3 Rd6 27. Rad3
Red8 28. Qd2 f5 29. exf5 Qxf5 30. Re1 Re6 31. Rd1 Rde8 32. Rxd4 Re2 33. Qc3
R8e3 34. R4d3 Qg5 35. Qc8+ 0-1

[Event "Philadelphia Open"]
[Site "Philadelphia"]
[Date "2013.03.28"]
[Round "3"]
[White "Izoria, Zviad"]
[Black "Mulyar, Michael"]
[Result "1-0"]
[WhiteElo "2583"]
[BlackElo "2457"]
[PlyCount "63"]
[EventDate "2013.03.??"]
[EventType "swiss"]
[EventRounds "9"]
[EventCountry "USA"]
[Source "MonRoi"]

1. e4 e5 2. Nf3 Nc6 3. Bb5 a6 4. Ba4 Nf6 5. O-O b5 6. Bb3 Bc5 7. a4 Rb8 8. axb5
axb5 9. c3 d6 10. d4 Bb6 11. Na3 O-O 12. Nxb5 Bg4 13. Bc2 exd4 14. Nbxd4 Nxd4
15. cxd4 Re8 16. Re1 Bxf3 17. gxf3 Nh5 18. Kh1 c5 19. Rg1 Qh4 20. Qf1 Qf6 21.
Qh3 Nf4 22. Bxf4 Qxf4 23. Rg4 Qd2 24. Rag1 g6 25. Bb3 Rb7 26. Bd5 Ra7 27. Rh4
Qxd4 28. Rxh7 Qf6 29. f4 Qxf4 30. Rxg6+ Kf8 31. Rh8+ Ke7 32. Re6+ 1-0

[Event "Philadelphia Open"]
[Site "Philadelphia"]
[Date "2013.03.28"]
[Round "3"]
[White "Perez, Robert"]
[Black "Panchanathan, Magesh Chandran"]
[Result "1/2-1/2"]
[WhiteElo "2526"]
[BlackElo "2579"]
[PlyCount "122"]
[EventDate "2013.03.??"]
[EventType "swiss"]
[EventRounds "9"]
[EventCountry "USA"]
[Source "MonRoi"]

1. d4 Nf6 2. c4 e6 3. Nc3 Bb4 4. Qc2 O-O 5. Nf3 d5 6. a3 Bxc3+ 7. Qxc3 b6 8.
Bg5 dxc4 9. Qxc4 Ba6 10. Qa4 Bb7 11. Rc1 Nbd7 12. e3 c5 13. Be2 cxd4 14. Qxd4
Nc5 15. Bxf6 Qxf6 16. Qxf6 gxf6 17. b4 Ne4 18. Rc7 Rac8 19. Rxb7 Rc1+ 20. Bd1
Rd8 21. Nd4 e5 22. f3 Nc3 23. Kd2 Na2 24. Re1 exd4 25. e4 Rb1 26. Ba4 Rb2+ 27.
Kd3 Nc3 28. Bd7 Nb1 29. Kxd4 Nxa3 30. Kc3 Rxg2 31. Ra1 Rc2+ 32. Kd3 Rf2 33. Ke3
Nc2+ 34. Kxf2 Nxa1 35. Rxa7 Nc2 36. b5 Rb8 37. Bc6 Nb4 38. Bd5 Nxd5 39. exd5
Rd8 40. Rb7 Rxd5 41. Rxb6 Kg7 42. Rb8 Rd2+ 43. Kg3 Rb2 44. h3 Rb4 45. Kf2 Rb3
46. b6 f5 47. Kg3 Rb4 48. b7 h6 49. Kf2 Kh7 50. Ke3 Kg7 51. Kd3 Kh7 52. h4 Kg7
53. h5 Kh7 54. Kc3 Rb1 55. Kd4 Kg7 56. Ke5 Rb5+ 57. Kd6 Rb1 58. Kd5 Rb2 59. Ke5
Rb5+ 60. Kf4 Kh7 61. Ke3 Kg7 1/2-1/2

[Event "Philadelphia Open"]
[Site "Philadelphia"]
[Date "2013.03.28"]
[Round "3"]
[White "Margvelashvili, Giorgi"]
[Black "Mandiza, Farai"]
[Result "1/2-1/2"]
[WhiteElo "2565"]
[BlackElo "2441"]
[PlyCount "43"]
[EventDate "2013.03.??"]
[EventType "swiss"]
[EventRounds "9"]
[EventCountry "USA"]
[Source "MonRoi"]

1. Nf3 Nf6 2. c4 e6 3. d4 b6 4. Bg5 h6 5. Bh4 Bb7 6. Nc3 Be7 7. Qc2 c5 8. dxc5
bxc5 9. e3 Qa5 10. Be2 Ne4 11. Bxe7 Kxe7 12. Rc1 d6 13. Qb1 Nd7 14. O-O Nxc3
15. Rxc3 Rab8 16. Ra3 Qb6 17. Nd2 Bc6 18. Rb3 Qa5 19. Rxb8 Rxb8 20. Rd1 Qb4 21.
b3 a5 22. Bf3 1/2-1/2

[Event "Philadelphia Open"]
[Site "Philadelphia"]
[Date "2013.03.28"]
[Round "3"]
[White "Yang, Darwin"]
[Black "Jayakumar, Adarsh"]
[Result "0-1"]
[WhiteElo "2567"]
[BlackElo "2328"]
[PlyCount "78"]
[EventDate "2013.03.??"]
[EventType "swiss"]
[EventRounds "9"]
[EventCountry "USA"]
[Source "MonRoi"]

1. d4 d5 2. c4 e6 3. Nc3 c6 4. e3 Bd6 5. Qc2 f5 6. Bd3 Nf6 7. Nge2 O-O 8. f3
Nbd7 9. Bd2 dxc4 10. Bxc4 Nb6 11. Bb3 Kh8 12. O-O Qc7 13. g3 Bd7 14. Rac1 a6
15. Kg2 Nbd5 16. Na4 e5 17. Nc5 Rae8 18. Rfe1 Bc8 19. a3 Qf7 20. dxe5 Rxe5 21.
Ng1 Qe7 22. Bxd5 Nxd5 23. e4 fxe4 24. Nxe4 Bf5 25. Re2 Nf6 26. Rce1 Nxe4 27.
fxe4 Bg4 28. Bf4 Rc5 29. Bxd6 Qxd6 30. Qd2 Qf6 31. e5 Qg6 32. Re4 Be6 33. Qd6
Rc2+ 34. Kh1 Rff2 35. Qd8+ Bg8 36. Rh4 Qg5 37. Qxg5 Bd5+ 38. Ree4 Bxe4+ 39. Nf3
Rf1# 0-1

[Event "Philadelphia Open"]
[Site "Philadelphia"]
[Date "2013.03.28"]
[Round "3"]
[White "Defibaugh, Jared"]
[Black "Kreiman, Boris"]
[Result "0-1"]
[WhiteElo "2346"]
[BlackElo "2542"]
[PlyCount "65"]
[EventDate "2013.03.??"]
[EventType "swiss"]
[EventRounds "9"]
[EventCountry "USA"]
[Source "MonRoi"]

1. e4 c5 2. Nf3 d6 3. Bb5+ Nd7 4. d4 Ngf6 5. Nc3 cxd4 6. Qxd4 e5 7. Qd3 h6 8.
Be3 Be7 9. Nd2 O-O 10. Nc4 Qc7 11. Bxd7 Bxd7 12. a4 Be6 13. Na3 Qc6 14. O-O d5
15. exd5 Nxd5 16. Nc4 Nf4 17. Bxf4 Bxc4 18. Qe3 Bxf1 19. Rxf1 exf4 20. Qxe7 f3
21. Rd1 Rfe8 22. Qh4 Qg6 23. Qg3 Qxc2 24. Qxf3 Rad8 25. Nd5 Qxb2 26. g3 Qe5 27.
Rd3 Kf8 28. Rd1 Qe2 29. Qa3+ Kg8 30. Rd4 Kh8 31. Kg2 Qe5 32. Qd3 Rd6 33. Qd2
0-1

[Event "Philadelphia Open"]
[Site "Philadelphia"]
[Date "2013.03.28"]
[Round "3"]
[White "Pavlovic, Milos"]
[Black "Xiong, Jeffery"]
[Result "0-1"]
[WhiteElo "2537"]
[BlackElo "2458"]
[PlyCount "70"]
[EventDate "2013.03.??"]
[EventType "swiss"]
[EventRounds "9"]
[EventCountry "USA"]
[Source "MonRoi"]

1. e4 c6 2. Nc3 d5 3. Nf3 Bg4 4. h3 Bxf3 5. Qxf3 e6 6. g3 Nf6 7. Bg2 Nbd7 8. d4
dxe4 9. Nxe4 Nxe4 10. Qxe4 g6 11. O-O Bg7 12. Rd1 O-O 13. c4 Re8 14. Qc2 Qc7
15. Be3 Rac8 16. Qb3 b6 17. Rac1 c5 18. dxc5 Nxc5 19. Qc2 a5 20. b3 e5 21. Rd5
f5 22. Rcd1 e4 23. Bf1 Be5 24. Qd2 Qg7 25. Bxc5 bxc5 26. Rd7 Re7 27. Qd5+ Kf8
28. Qb7 Rce8 29. Rxe7 Qxe7 30. Rd7 Qf6 31. Bg2 f4 32. Qxe4 fxg3 33. Qf3 Qxf3
34. Bxf3 Bd4 35. Rxd4 Re1+ 0-1